000 00355cam a2200145ua 4500
003 OSt
008 250108b |||||||| |||| 00| 0 eng d
041 _aeng
082 _a621.381
_bNAG/EL
100 _aKani, Nagoor A .
_96881
245 _aElectric circuit analysis /
260 _aChennai :
_bRBA Publications ,
_c2007.
300 _a ; .
942 _cBK
999 _c13426
_d13426